| 000 | 00613nam a22002057a 4500 | ||
|---|---|---|---|
| 999 |
_c14737 _d14737 |
||
| 003 | AR-CdUCM | ||
| 008 | 190424b ||||| |||| 00| 0 spa d | ||
| 020 | _a978-607-16-3688-1 | ||
| 040 |
_aMUNICIPALIDAD PROVINCIAL DEL CUSCO _cBIBLIOTECA MUNICIPAL DEL CUSCO |
||
| 082 |
_aPI / 808.06 / _bB26 |
||
| 100 |
_aBrowne, Anthony _925011 |
||
| 245 | _aWilly y la nube / | ||
| 260 |
_aMéxico : _bFondo de cultura económica, _c2016. |
||
| 500 | _aNo cuenta con pie de página. | ||
| 650 |
_aHistoria _9136 |
||
| 650 |
_aWilly _933613 |
||
| 650 |
_aInfancia _95236 |
||
| 942 |
_2ddc _cLIBROS |
||
| 945 |
_arah _d24/04/2019 |
||